| 000 | 00589nam a2200193 i 4500 | ||
|---|---|---|---|
| 001 | 40623 | ||
| 003 | ES-MaACL | ||
| 005 | 20230906160254.0 | ||
| 007 | t| | ||
| 008 | 030306s1952 sp ||||1| cat d | ||
| 100 | 1 |
_aCapelláa, Pedro. _9126321 |
|
| 245 | 1 | 2 |
_aL'amo de Lon Magraner _b: comèdia en tres actes / _cPere Capellá. |
| 260 |
_aPalma de Mallorca : _bMoll, _c1952 ( _fMiramar) |
||
| 300 |
_a143 p. ; _c15 cm. |
||
| 490 | 1 |
_aBiblioteca les illes d'or ; _v47 |
|
| 830 | 0 |
_aBiblioteca les illes d'or ; _v47 _9181514 |
|
| 852 |
_aES-MaACL _jD-7512 _bR.32369 |
||
| 999 |
_c40623 _d40623 |
||